| 000 | 00492nam a2200193Ia 4500 | ||
|---|---|---|---|
| 001 | 25596 | ||
| 008 | 140411s9999 xx 000 0 und d | ||
| 020 | _a0-02-863950-2 | ||
| 040 | _cPK-LaUMT | ||
| 082 |
_a 613.262 _bWOL-C |
||
| 100 | _aFrankie Avalon Wolfe | ||
| 245 | 4 |
_aThe complete idiot's guide to being vegetarian _cFrankie Avalon Wolfe |
|
| 250 | _a2nd | ||
| 260 |
_aIndianapolis,USA: _bAlpha Books, _c2000 |
||
| 300 | _a375 | ||
| 546 | _aEN | ||
| 650 | _aVeganism | ||
| 942 | _cBK | ||
| 999 |
_c25765 _d25765 |
||